Statistics for First German cities by cardinal direction (With Map)

Click here to take the quiz!

General Stats

  • This quiz has been taken 45 times
    (19 since last reset)
  • The average score is 21 of 36

Answers on the Map

Answers color-coded by a green-red scale on the quiz's map according to % correct below.
 

Answer Stats

Direction#City% Correct
East/North3/8Berlin
100%
North4Hamburg
94%
South2Munich
94%
North7Bremen
83%
North1Kiel
83%
East6Leipzig
83%
West8Düsseldorf
78%
North/East2/7Rostock
78%
South7Stuttgart
78%
West1Aachen
72%
East2Dresden
72%
South1Freiburg im Breisgau
72%
East/North4/10Potsdam
72%
South3Augsburg
67%
North5Bremerhaven
67%
East10Magdeburg
67%
West7Duisburg
61%
South9Karlsruhe
61%
North3Lübeck
61%
East5Chemnitz
56%
East1Cottbus
50%
East9Halle (Saale)
50%
South6Ingolstadt
50%
South4Ulm
50%
North9Wolfsburg
50%
West2Mönchengladbach
44%
West9Oberhausen
44%
North6Oldenburg
44%
East/South8/10Regensburg
44%
West4Trier
44%
West6Neuss
33%
South5Reutlingen
33%
West3Krefeld
28%
West5Moers
22%
West10Mülheim an der Ruhr
22%
South8Pforzheim
22%

Score Distribution

Percentile by Number Answered

Percent of People with Each Score

Your Score History

You have not taken this quiz since the last reset